[Event "Bundesliga 2324"]
[Site "Germany"]
[Date "2024.03.17"]
[Round "13.6"]
[White "Hausrath, Daniel"]
[Black "Kurmann, Oliver"]
[Result "1/2-1/2"]
[WhiteElo "2462"]
[BlackElo "2438"]
[PlyCount "41"]
[EventDate "2023.10.21"]
[EventType "team-tourn"]
[EventRounds "15"]
[EventCountry "GER"]
[SourceTitle "CB13_2024"]
[SourceDate "2024.03.27"]
[SourceVersion "1"]
[SourceVersionDate "2024.03.27"]
[SourceQuality "1"]
[WhiteTeam "Muelheim Nord"]
[BlackTeam "Bayern Muenchen"]
[WhiteTeamCountry "GER"]
[BlackTeamCountry "GER"]

1. Nf3 Nf6 2. g3 c5 3. Bg2 Nc6 4. 0-0 e5 5. e4 d6 6. d3 g6 7. c3 Bg7 8. a3 0-0 9. b4 a6 10. Nbd2 b5 11. Rb1 Nd7 12. Nb3 Nb6 13. Bg5 Qd7 14. Qd2 Na4 15. Rfc1 Bb7 16. c4 Nd4 17. bxc5 dxc5 18. cxb5 Nxb3 19. Rxb3 axb5 20. Be3 Rfc8 21. h4 1/2-1/2

[Event "EU-chT 24th"]
[Site "Budva"]
[Date "2023.11.19"]
[Round "8.17"]
[White "Kurmann, Oliver"]
[Black "Valkama, Eero"]
[Result "1/2-1/2"]
[WhiteElo "2436"]
[BlackElo "2310"]
[PlyCount "63"]
[EventDate "2023.11.11"]
[EventType "team-swiss"]
[EventRounds "9"]
[EventCountry "MNE"]
[SourceTitle "CB47_2023"]
[SourceDate "2023.11.22"]
[SourceVersion "1"]
[SourceVersionDate "2023.11.22"]
[SourceQuality "1"]
[WhiteTeam "Switzerland"]
[BlackTeam "Finland"]
[WhiteTeamCountry "SUI"]
[BlackTeamCountry "FIN"]

1. e4 e5 2. Nf3 Nc6 3. Bb5 a6 4. Ba4 Nf6 5. 0-0 Be7 6. Re1 b5 7. Bb3 d6 8. c3 0-0 9. h3 Re8 10. Ng5 Rf8 11. Nf3 Re8 12. d4 Bf8 13. a3 Bb7 14. Nbd2 h6 15. Bc2 Nb8 16. b4 Nbd7 17. a4 d5 18. Nxe5 Nxe4 19. Nxe4 dxe4 20. Bf4 Nf6 21. Qd2 Bd5 22. Re2 c6 23. a5 Bd6 24. Rae1 Qc7 25. Bg3 Re6 26. Ng4 Nxg4 27. Bxd6 Qxd6 28. hxg4 Rae8 29. g3 g5 30. Re3 R8e7 31. Qd1 Qd8 32. Qb1 1/2-1/2

[Event "EU-chT 24th"]
[Site "Budva"]
[Date "2023.11.18"]
[Round "7.4"]
[White "Roos, Adrian"]
[Black "Kurmann, Oliver"]
[Result "1-0"]
[WhiteElo "2240"]
[BlackElo "2436"]
[PlyCount "119"]
[EventDate "2023.11.11"]
[EventType "team-swiss"]
[EventRounds "9"]
[EventCountry "MNE"]
[SourceTitle "CB47_2023"]
[SourceDate "2023.11.22"]
[SourceVersion "1"]
[SourceVersionDate "2023.11.22"]
[SourceQuality "1"]
[WhiteTeam "Belgium"]
[BlackTeam "Switzerland"]
[WhiteTeamCountry "BEL"]
[BlackTeamCountry "SUI"]

1. d4 Nf6 2. Nf3 e6 3. g3 b6 4. Bg2 Bb7 5. 0-0 Be7 6. c4 0-0 7. Nc3 Ne4 8. Bd2 f5 9. d5 Bf6 10. Rc1 Na6 11. Ne1 Nac5 12. b4 Nxc3 13. Bxc3 Ne4 14. Bxe4 fxe4 15. Ng2 Bxc3 16. Rxc3 Qf6 17. Qd2 Qe5 18. Ne3 Rf7 19. f4 exf3 20. exf3 Re8 21. f4 Qe4 22. Ng2 Rff8 23. Re1 Qg6 24. Rce3 exd5 25. cxd5 Rxe3 26. Rxe3 Re8 27. f5 Qf7 28. Nf4 Kf8 29. Rxe8+ Qxe8 30. Qd4 Qe1+ 31. Kg2 c6 32. Kh3 Qe7 33. d6 Qg5 34. Qe5 Kf7 35. g4 Qf6 36. Qxf6+ Kxf6 37. Nh5+ Ke5 38. Nxg7 Kxd6 39. f6 c5 40. bxc5+ bxc5 41. Nf5+ Ke6 42. f7 Kxf7 43. Nd6+ Kg6 44. Nxb7 c4 45. Kg3 c3 46. Nc5 h5 47. Nxd7 c2 48. Ne5+ Kg5 49. h4+ Kf6 50. Nd3 hxg4 51. Kxg4 Kg6 52. h5+ Kh6 53. Kh4 Kh7 54. Kg5 Kg7 55. h6+ Kh7 56. Kh5 a5 57. Kg5 a4 58. Kh5 a3 59. Kg5 Kg8 60. Kf4 1-0

[Event "SUI-ch 122nd"]
[Site "Leukerbad"]
[Date "2023.07.20"]
[Round "6"]
[White "Kurmann, Oliver"]
[Black "Fecker, Noah"]
[Result "1/2-1/2"]
[WhiteElo "2443"]
[BlackElo "2392"]
[PlyCount "83"]
[EventDate "2023.07.15"]
[EventType "tourn"]
[EventRounds "9"]
[EventCountry "SUI"]
[EventCategory "5"]
[SourceTitle "CBM 215 Extra"]
[Source "ChessBase"]
[SourceDate "2023.09.30"]
[SourceVersion "1"]
[SourceVersionDate "2023.09.30"]
[SourceQuality "1"]

1. e4 c6 2. Nf3 d5 3. d3 dxe4 4. dxe4 Qxd1+ 5. Kxd1 Nf6 6. Nbd2 g6 7. Ne5 Bh6 8. Bc4 0-0 9. Re1 Nfd7 10. Nxd7 Nxd7 11. Nb3 Bxc1 12. Kxc1 Ne5 13. Be2 g5 14. a4 a5 15. Ra3 Rd8 16. Nd2 Kf8 17. Rg3 f6 18. Nc4 Nxc4 19. Bxc4 Rd4 20. Bb3 e5 21. c3 Rd6 22. Kc2 Bd7 23. Rd3 Rxd3 24. Kxd3 Rd8 25. Ke3 Ke7 26. h4 gxh4 27. Rh1 h3 28. gxh3 Be6 29. Bxe6 Kxe6 30. Rg1 Kf7 31. h4 h5 32. Rb1 Ke6 33. Rg1 Kf7 34. Rb1 Ke6 35. b4 axb4 36. cxb4 f5 37. exf5+ Kxf5 38. b5 cxb5 39. Rxb5 Rd4 40. a5 Rxh4 41. Rxb7 Ra4 42. Ra7 1/2-1/2

[Event "SUI-ch 122nd"]
[Site "Leukerbad"]
[Date "2023.07.19"]
[Round "5"]
[White "Kurmann, Oliver"]
[Black "Gaehwiler, Gabriel"]
[Result "1-0"]
[WhiteElo "2443"]
[BlackElo "2381"]
[PlyCount "81"]
[EventDate "2023.07.15"]
[EventType "tourn"]
[EventRounds "9"]
[EventCountry "SUI"]
[EventCategory "5"]
[SourceTitle "CBM 215 Extra"]
[Source "ChessBase"]
[SourceDate "2023.09.30"]
[SourceVersion "1"]
[SourceVersionDate "2023.09.30"]
[SourceQuality "1"]

1. e4 e5 2. Nc3 Nf6 3. Bc4 Nxe4 4. Qh5 Nd6 5. Qxe5+ Qe7 6. Qxe7+ Bxe7 7. Be2 0-0 8. Nf3 Ne8 9. d4 Nf6 10. Bg5 d6 11. 0-0-0 Nbd7 12. d5 h6 13. Bf4 Ng4 14. Bg3 Nge5 15. Nd4 a6 16. f4 Ng6 17. h4 Bf6 18. Bf3 Nb6 19. b3 Ne7 20. Bf2 Nf5 21. Nde2 g6 22. Ne4 Be7 23. h5 g5 24. g4 Nh4 25. Bxh4 gxh4 26. g5 h3 27. c4 Kh8 28. Rdg1 Bf5 29. Nd4 Bd7 30. gxh6 Kh7 31. f5 Kxh6 32. f6 Bd8 33. Bg4 Re8 34. Bxd7 Rxe4 35. Nf5+ Kh7 36. Nxd6 cxd6 37. Bf5+ Kh6 38. Bxe4 Bxf6 39. Bf5 Re8 40. Bxh3 Re2 41. Rg2 1-0

[Event "SUI-ch 122nd"]
[Site "Leukerbad"]
[Date "2023.07.15"]
[Round "1"]
[White "Kurmann, Oliver"]
[Black "Hasenohr, Benedict"]
[Result "1/2-1/2"]
[WhiteElo "2443"]
[BlackElo "2273"]
[PlyCount "82"]
[EventDate "2023.07.15"]
[EventType "tourn"]
[EventRounds "9"]
[EventCountry "SUI"]
[EventCategory "5"]
[SourceTitle "CBM 215 Extra"]
[Source "ChessBase"]
[SourceDate "2023.09.30"]
[SourceVersion "1"]
[SourceVersionDate "2023.09.30"]
[SourceQuality "1"]

1. e4 e5 2. Nf3 Nf6 3. Nxe5 d6 4. Nf3 Nxe4 5. c4 Nc6 6. d3 Nf6 7. d4 Be7 8. d5 Ne5 9. Nxe5 dxe5 10. Nc3 0-0 11. Bd3 a6 12. 0-0 h6 13. Re1 Bd6 14. h3 Re8 15. a3 Bd7 16. b4 e4 17. Bf1 c6 18. dxc6 Bxc6 19. Be3 Be5 20. Qb3 Rc8 21. Rac1 Qe7 22. a4 Bb8 23. Ne2 Bd7 24. b5 axb5 25. axb5 Be6 26. Nf4 Nd7 27. Qc2 g5 28. Nxe6 Qxe6 29. c5 Nxc5 30. Bxc5 b6 31. Qb2 Rxc5 32. Rxc5 bxc5 33. g4 Qd6 34. Bg2 Qh2+ 35. Kf1 Qf4 36. Re3 c4 37. Qd4 c3 38. b6 c2 39. Qc4 Be5 40. Qxc2 Bd4 41. Rxe4 Rxe4 1/2-1/2

[Event "EU-ch 23rd"]
[Site "Vrnjacka Banja"]
[Date "2023.03.12"]
[Round "10"]
[White "Bazakutsa, Svyatoslav"]
[Black "Kurmann, Oliver"]
[Result "1-0"]
[WhiteElo "2335"]
[BlackElo "2464"]
[PlyCount "97"]
[EventDate "2023.03.03"]
[EventType "swiss"]
[EventRounds "11"]
[EventCountry "SRB"]
[SourceTitle "CBM 213"]
[Source "ChessBase"]
[SourceDate "2023.04.30"]
[SourceVersion "1"]
[SourceVersionDate "2023.04.30"]
[SourceQuality "1"]

1. c4 e5 2. g3 Nf6 3. Bg2 Bc5 4. Nc3 c6 5. Nf3 e4 6. Nh4 d5 7. cxd5 cxd5 8. d3 Ng4 9. 0-0 g5 10. d4 Be7 11. h3 gxh4 12. hxg4 Nc6 13. f3 exf3 14. Bxf3 Be6 15. Bf4 hxg3 16. Kg2 Qd7 17. e3 h5 18. Nb5 Rc8 19. Rh1 h4 20. Bxg3 a6 21. Nc3 Rg8 22. Bxh4 Bxg4 23. Bg3 Be6 24. Kf2 Bg5 25. Qe2 Ne7 26. Rag1 Nf5 27. Bf4 Bxf4 28. Rxg8+ Ke7 29. exf4 Rxg8 30. Nxd5+ Kd8 31. Qe5 Qd6 32. Nf6 Rf8 33. Rc1 Qxd4+ 34. Qxd4+ Nxd4 35. Bxb7 Ke7 36. Nd5+ Kd6 37. Nc3 Rb8 38. Rd1 Rxb7 39. Rxd4+ Kc5 40. Rd2 Rb8 41. Ke3 Rh8 42. f5 Bc8 43. Ne4+ Kb4 44. Nd6 f6 45. Nxc8 Rxc8 46. Rd6 Ka5 47. Rxf6 Rc2 48. Re6 Rxb2 49. f6 1-0

[Event "Olympiad-44"]
[Site "Chennai"]
[Date "2022.08.08"]
[Round "10.3"]
[White "Kanyamarala, Tarun"]
[Black "Kurmann, Oliver"]
[Result "1/2-1/2"]
[WhiteElo "2379"]
[BlackElo "2463"]
[PlyCount "122"]
[EventDate "2022.07.29"]
[EventType "team-swiss"]
[EventRounds "11"]
[EventCountry "IND"]
[SourceTitle "CBM 210"]
[Source "ChessBase"]
[SourceDate "2022.10.31"]
[SourceVersion "1"]
[SourceVersionDate "2022.10.31"]
[SourceQuality "1"]
[WhiteTeam "Ireland"]
[BlackTeam "Switzerland"]
[WhiteTeamCountry "IRL"]
[BlackTeamCountry "SUI"]

1. d4 Nf6 2. Nf3 e6 3. Bf4 d5 4. e3 Bd6 5. c3 0-0 6. Nbd2 b6 7. Ne5 c5 8. Qf3 Ba6 9. Bxa6 Nxa6 10. Bg5 Rc8 11. 0-0 Be7 12. Qe2 Nb8 13. dxc5 bxc5 14. e4 Nc6 15. Nxc6 Rxc6 16. Rfe1 Nxe4 17. Bxe7 Qxe7 18. Nxe4 dxe4 19. Qxe4 Rd6 20. Rad1 Rfd8 21. Rxd6 Qxd6 22. g3 g6 23. Qe5 Qd2 24. Re2 Qd1+ 25. Kg2 Rd5 26. Qe3 h5 27. h4 Qb1 28. b3 Qd1 29. Qf3 a5 30. c4 Rd2 31. Re5 Qxf3+ 32. Kxf3 Rxa2 33. Rxc5 Ra3 34. Ke4 Rxb3 35. Rxa5 Rb2 36. f3 Re2+ 37. Kd4 Rd2+ 38. Ke5 Rd3 39. Ke4 Rd1 40. Ra8+ Kg7 41. Ra3 Kf6 42. Rd3 Rc1 43. Kd4 g5 44. hxg5+ Kxg5 45. c5 e5+ 46. Kd5 f5 47. Re3 h4 48. gxh4+ Kxh4 49. Rxe5 f4 50. c6 Kg3 51. Kd6 Kxf3 52. c7 Rxc7 53. Kxc7 Kg2 54. Rg5+ Kh2 55. Rf5 Kg3 56. Kd6 f3 57. Ke5 f2 58. Ke4 Kg2 59. Rg5+ Kh2 60. Rf5 Kg2 61. Rxf2+ Kxf2 1/2-1/2

[Event "Olympiad-44"]
[Site "Chennai"]
[Date "2022.08.03"]
[Round "6.4"]
[White "Lagarde, Maxime"]
[Black "Kurmann, Oliver"]
[Result "1-0"]
[WhiteElo "2631"]
[BlackElo "2463"]
[PlyCount "95"]
[EventDate "2022.07.29"]
[EventType "team-swiss"]
[EventRounds "11"]
[EventCountry "IND"]
[SourceTitle "CBM 210"]
[Source "ChessBase"]
[SourceDate "2022.10.31"]
[SourceVersion "1"]
[SourceVersionDate "2022.10.31"]
[SourceQuality "1"]
[WhiteTeam "France"]
[BlackTeam "Switzerland"]
[WhiteTeamCountry "FRA"]
[BlackTeamCountry "SUI"]

1. e4 c5 2. Nf3 Nc6 3. Bb5 Nf6 4. Bxc6 dxc6 5. d3 g6 6. h3 Bg7 7. a4 a5 8. Be3 b6 9. Qc1 h6 10. Na3 Ba6 11. 0-0 g5 12. e5 Nd5 13. c4 Nxe3 14. Qxe3 Qc7 15. Nc2 Bc8 16. d4 cxd4 17. Ncxd4 c5 18. Nb5 Qc6 19. Rad1 Be6 20. b3 0-0 21. h4 g4 22. Ne1 Rad8 23. Nd3 Bf5 24. Nc3 e6 25. Nf4 Qc7 26. Rde1 Qd7 27. Qg3 Qd4 28. Nh5 Bh8 29. Re3 Kh7 30. Rd1 Qxd1+ 31. Nxd1 Rxd1+ 32. Kh2 Rfd8 33. Nf6+ Bxf6 34. exf6 Kg6 35. Qe5 R8d6 36. f3 gxf3 37. Rxf3 R6d3 38. h5+ Kg5 39. Rf2 Rd4 40. Qe3+ Kxh5 41. Rf4 Kg6 42. Rxd4 cxd4 43. Qe2 Rc1 44. g4 Bb1 45. Qe5 Rc2+ 46. Kg3 d3 47. Qe1 Rb2 48. Qe4+ 1-0

[Event "Bundesliga 2122"]
[Site "Germany"]
[Date "2022.04.10"]
[Round "4.7"]
[White "Handke, Florian"]
[Black "Kurmann, Oliver"]
[Result "1/2-1/2"]
[WhiteElo "2539"]
[BlackElo "2462"]
[PlyCount "115"]
[EventDate "2022.03.05"]
[EventType "team-tourn"]
[EventRounds "15"]
[EventCountry "GER"]
[SourceTitle "EXT 2023"]
[Source "ChessBase"]
[SourceDate "2022.10.05"]
[SourceVersion "1"]
[SourceVersionDate "2022.10.05"]
[SourceQuality "1"]
[WhiteTeam "Solingen"]
[BlackTeam "Bayern Muenchen"]
[WhiteTeamCountry "GER"]
[BlackTeamCountry "GER"]

1. e4 c5 2. Nf3 Nc6 3. d4 cxd4 4. Nxd4 Nf6 5. Nc3 e5 6. Ndb5 d6 7. Bg5 a6 8. Na3 b5 9. Nd5 Qa5+ 10. Bd2 Qd8 11. Bg5 Qa5+ 12. Bd2 Qd8 13. c4 Nxe4 14. g3 Nxd2 15. Qxd2 Nd4 16. Bg2 Ra7 17. 0-0 Be7 18. cxb5 axb5 19. Nc2 Nxc2 20. Qxc2 0-0 21. Qb3 Qa5 22. Rfd1 Be6 23. Qe3 Bd8 24. a3 Bxd5 25. Rxd5 Bb6 26. Qd3 Bc5 27. Be4 b4 28. Bxh7+ Kh8 29. Be4 bxa3 30. Qf3 Kg8 31. bxa3 g6 32. Qf6 Qd8 33. Qxd8 Rxd8 34. a4 Rb8 35. Ra2 Rb4 36. Bc2 Ra5 37. Kg2 e4 38. h4 f5 39. h5 Kf7 40. hxg6+ Kxg6 41. Bd1 Kf6 42. Rad2 Ra6 43. Kh3 Ke6 44. Kg2 Rab6 45. Bh5 Rb2 46. a5 Rxd2 47. Rxd2 Ra6 48. Ra2 Bb6 49. Be2 Rxa5 50. Rxa5 Bxa5 51. g4 f4 52. f3 d5 53. Ba6 Bb6 54. Bb7 Ke5 55. g5 Bd8 56. g6 Bf6 57. Kf2 Kd4 58. Ke2 1/2-1/2

[Event "Sitges Sunway op 8th"]
[Site "Sitges"]
[Date "2021.12.21"]
[Round "8"]
[White "Niemann, Hans Moke"]
[Black "Kurmann, Oliver"]
[Result "1-0"]
[WhiteElo "2645"]
[BlackElo "2466"]
[PlyCount "95"]
[EventDate "2021.12.13"]
[EventType "swiss"]
[EventRounds "10"]
[EventCountry "ESP"]
[SourceTitle "CBM 205 Extra"]
[Source "ChessBase"]
[SourceDate "2022.01.31"]
[SourceVersion "1"]
[SourceVersionDate "2022.01.31"]
[SourceQuality "1"]

1. Nf3 Nf6 2. c4 e6 3. g3 d5 4. Bg2 Be7 5. d4 0-0 6. 0-0 dxc4 7. Qc2 a6 8. a4 c5 9. dxc5 Bxc5 10. Qxc4 Nbd7 11. Qc2 Ra7 12. Nbd2 b6 13. Nb3 Bd6 14. Rd1 Qe7 15. Nfd4 Ne5 16. Bf4 Bd7 17. a5 Rc7 18. Qd2 Bb4 19. Qe3 Nfg4 20. Qe4 f5 21. Qb1 b5 22. h3 g5 23. Bc1 Nh6 24. h4 Nef7 25. hxg5 Nxg5 26. Nc2 Ngf7 27. Nxb4 Qxb4 28. Qd3 Ng4 29. Bd2 Qc4 30. Qxc4 bxc4 31. Nd4 Nf6 32. Nc2 Re8 33. Bc3 e5 34. Nb4 Bb5 35. Bh3 Ng4 36. f3 Ng5 37. Bg2 Ne3 38. Nd5 Nxd5 39. Rxd5 Rce7 40. Kf2 Kg7 41. f4 Nf7 42. Rxb5 axb5 43. a6 Ra7 44. fxe5 Re6 45. Bb7 Nd8 46. Rd1 Re8 47. Rd7+ Kg6 48. Bd4 1-0

[Event "Sitges Sunway op 8th"]
[Site "Sitges"]
[Date "2021.12.13"]
[Round "1"]
[White "Beck, Michael1111"]
[Black "Kurmann, Oliver"]
[Result "0-1"]
[WhiteElo "2118"]
[BlackElo "2466"]
[PlyCount "82"]
[EventDate "2021.12.13"]
[EventType "swiss"]
[EventRounds "10"]
[EventCountry "ESP"]
[SourceTitle "CBM 205 Extra"]
[Source "ChessBase"]
[SourceDate "2022.01.31"]
[SourceVersion "1"]
[SourceVersionDate "2022.01.31"]
[SourceQuality "1"]

1. e4 e6 2. d3 d5 3. Nd2 Nf6 4. Ngf3 Nc6 5. c3 a5 6. e5 Nd7 7. d4 f6 8. exf6 Qxf6 9. Bd3 Bd6 10. Nf1 e5 11. dxe5 Ncxe5 12. Be2 c6 13. Nd4 0-0 14. Be3 Nc4 15. Bxc4 dxc4 16. Nd2 Ne5 17. 0-0 Ng4 18. h3 Nxe3 19. fxe3 Qe5 20. Rxf8+ Kxf8 21. Qf1+ Kg8 22. Qxc4+ Kh8 23. Nf1 Bd7 24. Nf3 Qe7 25. Qh4 Qe8 26. Qd4 Bc7 27. Rd1 Be6 28. Qh4 Bxa2 29. c4 b5 30. c5 h6 31. Nd4 Rd8 32. Rd2 Rd5 33. b4 Bc4 34. e4 Rh5 35. Qg4 Rg5 36. Qf3 axb4 37. Nf5 Qe5 38. Rd7 Qxc5+ 39. N1e3 Bb6 40. Kh1 Be6 41. h4 Rxf5 0-1

[Event "EU-chT 23rd"]
[Site "Terme Catez"]
[Date "2021.11.19"]
[Round "7.3"]
[White "Kurmann, Oliver"]
[Black "Blagojevic, Dragisa"]
[Result "1/2-1/2"]
[WhiteElo "2458"]
[BlackElo "2467"]
[PlyCount "60"]
[EventDate "2021.11.12"]
[EventType "team-swiss"]
[EventRounds "9"]
[EventCountry "SLO"]
[SourceTitle "CBM 205"]
[Source "ChessBase"]
[SourceDate "2021.12.31"]
[SourceVersion "1"]
[SourceVersionDate "2021.12.31"]
[SourceQuality "1"]
[WhiteTeam "Switzerland"]
[BlackTeam "Montenegro"]
[WhiteTeamCountry "SUI"]
[BlackTeamCountry "MNE"]

1. e4 e5 2. Nf3 Nc6 3. Bb5 a6 4. Ba4 Nf6 5. 0-0 Be7 6. Re1 b5 7. Bb3 d6 8. c3 0-0 9. h3 Nd7 10. d4 Bb7 11. Nbd2 exd4 12. cxd4 Bf6 13. Nf1 Na5 14. Bc2 c5 15. d5 Nc4 16. Rb1 Re8 17. b3 Nce5 18. N3h2 Ng6 19. Ng3 Be5 20. Ne2 Bf6 21. Ng4 Be7 22. f4 Nf6 23. Nh2 Bf8 24. Ng3 a5 25. Nf3 Ba6 26. Be3 Nd7 27. Nf5 Nf6 28. Ng3 Nd7 29. Nf5 Nf6 30. Ng3 Nd7 1/2-1/2

[Event "SUI-chT"]
[Site "Switzerland"]
[Date "2021.11.06"]
[Round "6.2"]
[White "Heimann, Andreas"]
[Black "Kurmann, Oliver"]
[Result "1/2-1/2"]
[WhiteElo "2583"]
[BlackElo "2437"]
[PlyCount "60"]
[EventDate "2021.08.29"]
[EventType "team-tourn"]
[EventRounds "9"]
[EventCountry "SUI"]
[SourceTitle "EXT 2023"]
[Source "ChessBase"]
[SourceDate "2022.10.05"]
[SourceVersion "1"]
[SourceVersionDate "2022.10.05"]
[SourceQuality "1"]
[WhiteTeam "Riehen"]
[BlackTeam "Luzern"]
[WhiteTeamCountry "SUI"]
[BlackTeamCountry "SUI"]

1. Nf3 d5 2. d4 c5 3. c4 dxc4 4. e4 cxd4 5. Qxd4 Qxd4 6. Nxd4 Nf6 7. Nc3 e5 8. Ndb5 Kd8 9. Be3 Be6 10. Bxa7 Nbd7 11. Be3 Bc5 12. Bxc5 Nxc5 13. Nd6 Ke7 14. Nxc4 Ncxe4 15. Nxe4 Nxe4 16. Nxe5 Rxa2 17. Rxa2 Bxa2 18. Bd3 Nc5 19. Bc2 Rd8 20. Ke2 Rd5 21. f4 Ne6 22. Ke3 Rb5 23. Rd1 Nc5 24. Rd2 Rxb2 25. Bxh7 Rxd2 26. Kxd2 g6 27. Nxg6+ fxg6 28. Bxg6 Kf6 29. Bc2 Ne6 30. g3 b5 1/2-1/2

[Event "SUI-chT"]
[Site "Switzerland"]
[Date "2021.10.24"]
[Round "5.1"]
[White "Zeller, Frank"]
[Black "Kurmann, Oliver"]
[Result "0-1"]
[WhiteElo "2361"]
[BlackElo "2437"]
[PlyCount "80"]
[EventDate "2021.08.29"]
[EventType "team-tourn"]
[EventRounds "9"]
[EventCountry "SUI"]
[SourceTitle "EXT 2023"]
[Source "ChessBase"]
[SourceDate "2022.10.05"]
[SourceVersion "1"]
[SourceVersionDate "2022.10.05"]
[SourceQuality "1"]
[WhiteTeam "Bodan"]
[BlackTeam "Luzern"]
[WhiteTeamCountry "SUI"]
[BlackTeamCountry "SUI"]

1. e4 c5 2. Nf3 Nc6 3. d4 cxd4 4. Nxd4 Nf6 5. Nc3 e6 6. Nxc6 bxc6 7. e5 Nd5 8. Ne4 Qc7 9. f4 Rb8 10. Bd3 Qb6 11. Qe2 Be7 12. c4 f5 13. Nf2 Nb4 14. Be3 Bc5 15. Bxc5 Qxc5 16. b3 Qd4 17. Rd1 Qxf4 18. Bb1 c5 19. 0-0 Nc6 20. Nd3 Qd4+ 21. Kh1 0-0 22. Rf4 Qc3 23. Rh4 Rf7 24. Re1 Bb7 25. Nxc5 Qxe5 26. Qxe5 Nxe5 27. Rxe5 d6 28. Nxb7 dxe5 29. Nd6 Rc7 30. Rh3 Rb6 31. Nxf5 Rxc4 32. Ne7+ Kf7 33. Rf3+ Kxe7 34. Rf1 Rf4 35. Re1 Rd6 36. Bxh7 Rd2 37. a4 Rff2 38. Rg1 Rfe2 39. h4 Re4 40. g3 Ree2 0-1

[Event "Mulhouse GM"]
[Site "Mulhouse"]
[Date "2021.06.26"]
[Round "6"]
[White "Georgiev, Kiril"]
[Black "Kurmann, Oliver"]
[Result "1-0"]
[WhiteElo "2594"]
[BlackElo "2424"]
[PlyCount "143"]
[EventDate "2021.06.26"]
[EventType "tourn"]
[EventRounds "9"]
[EventCountry "FRA"]
[EventCategory "10"]
[SourceTitle "CBM 203 Extra"]
[Source "ChessBase"]
[SourceDate "2021.09.30"]
[SourceVersion "1"]
[SourceVersionDate "2021.09.30"]
[SourceQuality "1"]

1. d4 Nf6 2. Nf3 e6 3. c4 b6 4. g3 Bb7 5. Bg2 Be7 6. Nc3 Ne4 7. Bd2 f5 8. d5 Bf6 9. Qc2 Na6 10. Nxe4 fxe4 11. Qxe4 Nc5 12. Qe3 0-0 13. dxe6 Re8 14. Qa3 Rxe6 15. Be3 Qe7 16. 0-0 a5 17. Rad1 Rxe3 18. Qxe3 Qxe3 19. fxe3 Bxb2 20. Nd4 Bxg2 21. Kxg2 Re8 22. Rd2 Bc3 23. Rc2 Ne4 24. a3 Bd2 25. Rf3 d6 26. h4 h5 27. Nf5 g6 28. Nd4 Kg7 29. Nb3 Be1 30. Nc1 Bxg3 31. Rxg3 Nxg3 32. Kxg3 Rxe3+ 33. Kg2 Re4 34. Nd3 Rxh4 35. e3 g5 36. Nf2 Kf6 37. Kf3 Ke5 38. Rc1 Ke6 39. e4 Rf4+ 40. Ke3 Rf7 41. Nh3 Rg7 42. Rg1 Kf6 43. Rf1+ Ke7 44. Rf5 g4 45. Nf4 h4 46. Kf2 c6 47. a4 g3+ 48. Kg2 Rg4 49. Kf3 g2 50. Nxg2 Rg3+ 51. Kf2 Ra3 52. Ne3 Rxa4 53. Rh5 Rb4 54. Rxh4 Ke6 55. Kf3 b5 56. Rh6+ Ke5 57. cxb5 Rxb5 58. Ng4+ Kd4 59. Rxd6+ Kc5 60. Rd8 Rb7 61. Ra8 Kb4 62. Ne5 Rb6 63. Ke3 c5 64. Kd3 Rd6+ 65. Kc2 Rb6 66. Rc8 Re6 67. Rb8+ Ka3 68. Nc4+ Ka4 69. Nb2+ Ka3 70. Rb3+ Ka2 71. Nc4 Rxe4 72. Ra3# 1-0